00953 a2200193 4500001000500000005001700005008004100022003001500063040004000078080003100118245012900149020002200278250001200300264003300312300002600345505023700371100002600608856012500634338420260407155428.0260407a2007 arg spa dAR-UNSa-BCEJYS aAR-UNSa-BCEJYSbspacAR-UNSa-BCEJYS a349.2xDerecho del Trabajo10aDerecho colectivo del trabajopasociaciones sindicales. Convenios colectivos. Conflictos. Conciliación y arbitraje. Huelga a978-950-508-765-5 a2a. ed. 1aBuenos Aires :bAstreac2007 axxxii, 547 p.c25 cm. a1. Introducción - 2. Derecho de las asociaciones sindicales de trabajadores - 3. Derecho de la negociación colectiva - 4. Derecho de los conflictos colectivos de trabajo - 5. La participación de los trabajadores en la empresa 1 aEtala, Carlos Alberto41uhttps://biblioeco.unsa.edu.ar/pmb/images/libros/Derecho Colectivo del Trabajo-l118286.jpgyImagen de portadaqimage/jpeg